000 01193nam a22003617a 4500
001 1732291
003 OSt
005 20210426103442.0
008 740226r1975 nyu b 001 0 eng
010 _a 74003389
020 _a0394710975
040 _aDLC
_cDLC
_dDLC
_beng
041 1 _aengfre
050 1 0 _aR133
_b.F6913 1975
080 _a1
_bF-81
082 0 0 _a362.1/1
100 1 _aFoucault, Michel,
_d1926-1984.
240 1 0 _aNaissance de la clinique.
_lEnglish
245 1 4 _aThe birth of the clinic;
_ban archaeology of medical perception.
_cTranslated from the French by A.M. Sheridan Smith.
260 _aNew York,
_bVintage Books
_c[1975, c1973]
300 _axix, 215 p. Index 17 p.
_c19 cm.
365 _b6.95 usd
500 _aReprint of the ed. published by Pantheon Books, New York, in series: World of man.
500 _aTranslation of Naissance de la clinique.
504 _aBibliography: p. 201-209.
650 0 _aMedicine
_xHistory.
650 0 _aPhilosophy
_9282
650 0 _aMedicine
_xPhilosophy.
653 _aფილოსოფია
653 _aმედიცინა
906 _a7
_bcbc
_corignew
_d1
_eocip
_f19
_gy-gencatlg
942 _2udc
_cBK
999 _c910
_d910